quizz sur elliot rondof - Statistiques

Statistiques générales
  • Ce quiz a été pris 2 fois
  • Le résultat moyen est 2 sur 15
Statistiques - réponses
Hint Réponse % Correct
son pére l'a-t-il déja passer a tabac ? oui
100%
d'ou viens elliot ? martinique
50%
dans quel lieu jean phillipe a-t-il suivis elliot alors qu'il était en date ? cinéma
0%
dans quel drogue/dépendance elliot aurait pu sombrer ? codéine
0%
qui elliot a traumatisé valentine
0%
quel métiers font ses parents ? gendarmes
0%
qui sont ses parents ? jean-phillipe et nathalie
0%
quel style de musique elliot écoute ? k-pop opening
0%
que chante sa tati quand elle fait la vaisselle ? makasi doucement
0%
avec qui elliot etait-il ? maydarline
0%
pourquoi ? parce qu'il discutter avec un ami devant aprés l'église et JP avait faim
0%
pourquoi elliot n'est il pas rentrer chez lui les deux derniéres années ? pour jouer au jeux vidéos
0%
ou est-il né ? strasbourg
0%
comment s'appelle son frére ? tomy-lee
0%
quel style de musique elliot devrait-il écouter ? zouk, reggaeton
0%
Aucun quiz correspondant
Distribution des résultats
% des personnes avec chaque résultat
Percentile par nombre de réponses
Votre historique - résultats
Vous n’avez pas pris ce quiz